000 00969nam0a22003491 4500
001 RU\NLR\A1SV\13325
005 20251203171251.9
035 _a(NLR Aleph) 009698637
090 _a9773175
_c9773175
100 _a19991206d1925 u y0rusy50 ca
101 0 _arus
102 _aRU
200 1 _aОсновы полевой культуры
_eС 47 рис.
_fПроф. П.В.Будрин
210 _aЛ.
_cГос. изд.
_d1925
215 _a120 с.
_cил.
_d24 см
225 _aБ-ка с.-х. инструктора
620 _dСанкт-Петербург
700 1 _aБудрин
_bП.В.
_f1857-1939
_gПетр Васильевич
801 0 _aRU
_bNLR
_c19991206
852 _aNLR
_j15/132
899 _aСПбГУ
899 _aБАН
899 _aНБЛ КГУ
899 _aРКП
899 _aКирОУНБ
899 _aNLG
899 _aРГБ
899 _aНБ ТГУ
942 _cBOOK
980 _aNB
980 _aA1SV